Data visualization '99 : proceedings of the Joint Eurographics and IEEE TCVG Symposium on visualization in Vienna, Austria, May 26-28, 1999
Αποθηκεύτηκε σε:
| Συγγραφή απο Οργανισμό/Αρχή: | |
|---|---|
| Άλλοι συγγραφείς: | , , |
| Μορφή: | Πρακτικό Συνεδρίου Βιβλίο |
| Γλώσσα: | English |
| Δημοσίευση: |
Wien :
Springer,
c1999.
|
| Σειρά: | Eurographics (Series)
|
| Θέματα: | |
| Ετικέτες: |
Προσθήκη ετικέτας
Δεν υπάρχουν, Καταχωρήστε ετικέτα πρώτοι!
|
MARC
| LEADER | 00000cam a2200000 i 4500 | ||
|---|---|---|---|
| 001 | 1/15829 | ||
| 008 | 010122s1999 gw | ||| |||| ||eng|| | ||
| 020 | |a 3211833447 | ||
| 035 | |l 10065558 | ||
| 040 | |a GR-MyUa |b gre |e AACR2 | ||
| 041 | 0 | |a eng | |
| 082 | 7 | |a 006 |2 (22) | |
| 111 | 2 | |a Joint EUROGRAPHICS and IEEE TCVG Symposium on Visualization |d (1999 : |c Vienna, Austria) | |
| 245 | 1 | 0 | |a Data visualization '99 : |b proceedings of the Joint Eurographics and IEEE TCVG Symposium on visualization in Vienna, Austria, May 26-28, 1999 / |c E. Groeller, H. Loffelmann, W. Ribarsky (eds.). |
| 260 | |a Wien : |b Springer, |c c1999. | ||
| 300 | |a xii, 340 σ. : |b εικ. ; |c 25 εκ. | ||
| 490 | 1 | |a (Eurographics) | |
| 504 | |a Περιλαμβάνει βιβλιογραφικές παραπομπές και ευρετήριο. | ||
| 650 | 0 | 0 | |a Computer graphics |x Congresses. |
| 650 | 0 | 0 | |a Visual perception |x Congresses. |
| 650 | 0 | 0 | |a Visualization |x Data processing |x Congresses. |
| 700 | 1 | |a Gröller, E. |q (Eduard) |e edt | |
| 700 | 1 | |a Löffelmann, H. |q (Helwig) |e edt | |
| 700 | 1 | |a Ribarsky, William, |e edt | |
| 830 | 0 | |a Eurographics (Series) | |
| 852 | |a INST |b SYROS |e 20010122 |h 006 JOI |p 005500001703 |q 005500001703 |t BK |y 0 | ||
| 901 | |a BIBL5-2001-1 | ||
| 922 | |a 5ΕΛΗ |b 200012 |c ΓΡΑΦΙΚΩΝ ΤΕΧΝΩΝ |d ΜΙΧΛΟΠΟΥΛΟΣ | ||
| 950 | |a 183-2000-12-08 | ||
| 970 | |a ΚΟΝΤΟΥ |b ΠΑΡΑΣΚΕΥΗ |z 2001/02/07 | ||